000 00551nam a2200205 4500
003 SEACOMMC
005 20231010085009.0
008 231010b |||||||| |||| 00| 0 eng d
020 _c$ 9.95
040 _aSEACOMMC
082 _a539
_bEIS
100 1 _aEisberg, Robert
245 1 _aQuantum Physics
_bof atoms, molecules, solids, nuclei and particles
_cRobert Eisberg and Robert Resnick
250 _a2nd ed.
260 _aNew York
_bJohn Wiley
_c2004
650 _aPhysics
650 _aModern physics
700 1 _aResnick, Robert
942 _cBOOK
999 _c76
_d76